Építész vendégek
Elmentve itt :
| Szerző: | |
|---|---|
| Dokumentumtípus: | Cikk |
| Megjelent: |
1979-02-10
|
| Sorozat: | Délmagyarország
69 No. 34 |
| Kulcsszavak: | ipari kiállítások |
| Online Access: | http://dmarchiv.bibl.u-szeged.hu/107574 |
| LEADER | 00494nab a2200169 i 4500 | ||
|---|---|---|---|
| 001 | delm107574 | ||
| 005 | 20190524110005.0 | ||
| 008 | 190524s1979 hu o 0|| hun d | ||
| 040 | |a SZTE Délmagyarország Archívum |b hun | ||
| 041 | |a hun | ||
| 100 | 1 | |a Somogyi Károlyné | |
| 245 | 1 | 0 | |a Építész vendégek |h [elektronikus dokumentum] / |c Somogyi Károlyné |
| 260 | |c 1979-02-10 | ||
| 300 | |a 8 | ||
| 490 | 0 | |a Délmagyarország |v 69 No. 34 | |
| 695 | |a ipari kiállítások | ||
| 700 | 0 | 1 | |a Somogyi Károlyné |e aut |